Statistics for NHL All-Star Second Team of the season

Click here to take the quiz!

General Stats

  • This quiz has been taken 24 times
  • The average score is 44 of 101

Answer Stats

Answer % Correct
Sidney Crosby
100%
Martin Brodeur
93%
Alexander Ovechkin
93%
Teemu Selanne
86%
Joe Thornton
86%
Nicklas Lidström
79%
Mario Lemieux
79%
Ed Belfour
79%
Drew Doughty
79%
Wayne Gretzky
79%
Eric Lindros
71%
Pekka Rinne
71%
Daniel Sedin
71%
Roberto Luongo
71%
P.K. Subban
71%
Jaromir Jagr
71%
Mats Sundin
71%
Theoren Fleury
71%
Henrik Lundqvist
64%
Zdeno Chara
64%
Ray Bourque
64%
Jonathan Quick
64%
Martin St. Louis
64%
Scott Stevens
64%
Chris Pronger
64%
Ryan Getzlaf
64%
Braden Holtby
64%
Shea Weber
64%
Claude Giroux
64%
Duncan Keith
57%
Victor Hedman
57%
Jarome Iginla
57%
Paul Kariya
57%
Vincent Lecavalier
57%
Jonathan Toews
57%
Mike Modano
57%
Steven Stamkos
50%
Alexander Mogilny
50%
Nathan MacKinnon
50%
Brent Burns
50%
Scott Niedermayer
50%
Ilya Kovalchuk
50%
Jamie Benn
50%
Seth Jones
50%
Chris Chelios
50%
Daniel Alfredsson
50%
Rob Blake
43%
Keith Tkachuk
43%
José Theodore
43%
Nikita Kucherov
43%
Henrik Zetterberg
43%
Pavel Datsyuk
43%
Marian Gaborik
43%
Ilya Bryzgalov
36%
Blake Wheeler
36%
Alex Kovalev
36%
Pavel Bure
36%
Luc Robitaille
36%
Chris Osgood
36%
Ben Bishop
36%
Al MacInnis
36%
John LeClair
36%
Brian Leetch
36%
Brendan Shanahan
36%
Joe Pavelski
29%
Vladimir Tarasenko
29%
Devan Dubnyk
29%
Steve Mason
29%
Artemi Panarin
29%
Derian Hatcher
29%
Marian Hossa
29%
Dany Heatley
29%
Eric Staal
29%
Alexei Yashin
29%
Vladimir Konstantinov
21%
John Vanbiesbrouck
21%
Connor Hellebuyck
21%
Cam Neely
21%
Sergei Zubov
21%
Kris Letang
21%
Semyon Varlamov
21%
Alex Pietrangelo
21%
Roman Turek
21%
Zach Parise
21%
Marty Turco
21%
Milan Hejduk
21%
François Beauchemin
14%
Adam Graves
14%
Roman Cechmanek
14%
Alexei Zhamnov
14%
Larry Murphy
14%
Eric Desjardins
14%
Bryan McCabe
14%
Byron Dafoe
14%
Thomas Vanek
14%
Sergei Gonchar
14%
Lubomir Visnovsky
7%
Dan Boyle
7%
Brian Campbell
7%
Bill Guerin
7%
Ray Whitney
7%

Score Distribution

Percentile by Number Answered

Percent of People with Each Score

Your Score History

You have not taken this quiz